000 00553cab a2200205 4500
001 X2690
008 090401t1991 xxu||||| |||| 00| 0 eng d
035 _a(Sirsi) u25818
041 _aeng
100 _aKaka, A.
245 _aRelationship between value and duration of construction projects
260 _c1991
350 _a0
490 _aConstruction Management & Economics
_v9 (4) July 1991, 383-400(10)
650 _aFINANCIAL MODELS
690 _aProject management
_96261
700 _aPrice, A.D.F.
942 _n0
948 _c04/03/1997
999 _c17352
_d17352